'The Good Place' Characters by Picture Quiz Stats

 Plays Quiz Updated Sep 29, 2018

Score 0/15 Timer 04:00
14 Plays Today
Character % Correct
Bad Janet
92.5%
Janet
92.3%
Vicky
91%
Chidi Anagonye
90.2%
Michael
90%
Eleanor Shellstrop
89.9%
Jason Mendoza
89.5%
Tahani Al-Jamil
85.2%
Character % Correct
Judge HydroGen
67.9%
Mindy St. Claire
64%
Derek Hofstetler
59.1%
Shawn
56.3%
Kamilah Al-Jamil
47%
Pillboi
43.7%
Trevor
40.1%

You're not logged in!

Compare scores with friends on all Sporcle quizzes.
OR
Log In

Sporcle TV

Today on Sporcle TV


Watch our educational content, quiz creation guides, and fun videos on Sporcle TV.

Show Comments

Extras

Top Quizzes Today


Score Distribution

Your Account Isn't Verified!

In order to create a playlist on Sporcle, you need to verify the email address you used during registration. Go to your Sporcle Settings to finish the process.

Report this User

Report this user for behavior that violates our Community Guidelines.

Details: